Statistics for Diaspora-Austria

Click here to take the quiz!

General Stats

  • This quiz has been taken 32 times
    (31 since last reset)
  • The average score is 12 of 13

Answer Stats

Number of immigrants Continent Country % Correct
684.184North AmericaUnited States of America
100%
197.990North AmericaCanada
100%
345.620EuropeGermany
96%
45.530OceaniaAustralia
96%
21.600-25.000EuropeUnited Kingdom
96%
20.000EuropeFrance
96%
16.331EuropeItaly
96%
10.100EuropeSpain
96%
40.300-65.090EuropeSwitzerland
92%
10.000South AmericaBrazil
92%
17.000South AmericaArgentina
88%
14.000AfricaSouth Africa
72%
15.771Europethe Netherlands
68%

Score Distribution

Percentile by Number Answered

Percent of People with Each Score

Your Score History

You have not taken this quiz since the last reset